| 000 | 00609nam a22001691a 4500 | ||
|---|---|---|---|
| 001 | 11887 | ||
| 003 | OSt | ||
| 005 | 20260204212300.0 | ||
| 008 | 140902s2012||||sp ||||||b||||||||||spa|| | ||
| 082 | _aRD 331.4 G165s | ||
| 100 | _aGarcia Dominguez, Mar | ||
| 245 | _aSituacion Laborar de lsa Mujeres en Republica Dominicana / Mar GarcĂa Dominguez | ||
| 264 | _aSanto Domingo: Oficina Nacional de Estadistica (ONE), 2012 | ||
| 300 | _a105 p. | ||
| 700 | _a1TRABAJO DE LA MUJER-REPUBLICA DOMINICANA-ESTUDIANTES 2-MERCADO LABORAL - REPUBLICA DOMINICANA - MUJER EN LA INSDUSTRIA ESTUDIANTESĂ | ||
| 942 |
_2ddc _cBK |
||
| 999 |
_c11887 _d11887 |
||